| 000 | 00576nam a22001817a 4500 | ||
|---|---|---|---|
| 005 | 20230918113333.0 | ||
| 010 | _aENG-138076 | ||
| 020 |
_a9789356069497 _c400.00 |
||
| 035 | _aEN-121608 | ||
| 037 | _bDBAD/PUB | ||
| 082 | _a540 | ||
| 245 | _aPearson IIT Foundation Chemistry 2023 / | ||
| 260 |
_aUttar Pradesh _bPearson India Education Services Pvt. Ltd. _c2023 |
||
| 270 |
_a1st Floor, Berger Tower, Plot No. C-001A/2, Sector 16B _bNoida (Uttar Pradesh) _e201301 |
||
| 300 |
_av.p _c28cm(pbk) |
||
| 500 | _aFor Class 9th | ||
| 942 |
_2ddc _cEN _h540 _mIIT |
||
| 999 |
_c198255 _d198255 |
||